| 000 | 00779nam a2200265 a 4500 | ||
|---|---|---|---|
| 001 | BRL_1280 | ||
| 005 | 20190320211127.0 | ||
| 008 | 171213s1990----nyua######---#000-0#eng-# | ||
| 020 | _a0517014912 | ||
| 041 | _aeng | ||
| 044 | _anyu | ||
| 050 | 4 |
_aF1219.3.T4 _b.S29 1990 |
|
| 100 | 1 |
_aSayer, Chloë _94413 |
|
| 245 | 1 | 0 |
_aMexican patterns _ba design source book _cChloë Sayer. |
| 260 |
_aNew York _bPortland House _c1990 |
||
| 300 |
_a22 p. _bil. a color, 100 láminas _c34 cm. |
||
| 500 | _aIncluye dedicatoria a Ruth Lechuga | ||
| 500 | _aAu1485 | ||
| 504 | _aIncluye bibliografía | ||
| 650 | 1 | 4 |
_aFábricas textiles indígenas _zMéxico _926368 |
| 650 | 1 | 4 |
_aFábricas textiles _zMéxico _926369 |
| 650 | 1 | 4 |
_aTelas _zMéxico _926370 |
| 902 | _aGRL | ||
| 942 |
_2lcc _cB |
||
| 999 |
_c10092 _d10092 |
||